Loading...
| History - World | 0 | 7 | 0 | 2 | 70 | 43 | 88.14 | 1 | 6 | 18.85 | 35.00 |
| History - American | 0 | 6 | 0 | 0 | 60 | 75 | 82.00 | 1 | 5 | 16.62 | 32.50 |
| History - Other | 0 | 5 | 0 | 2 | 50 | 39 | 91.80 | 2 | 3 | 11.31 | 28.33 |
| Religion | 0 | 5 | 0 | 2 | 50 | 57 | 90.20 | 1 | 4 | 9.35 | 28.33 |
| History - European | 0 | 4 | 1 | 1 | 35 | 76 | 89.75 | 1 | 3 | 8.47 | 20.00 |
| Fine Arts - Other | 0 | 3 | 0 | 0 | 30 | 66 | 87.00 | 1 | 3 | 8.31 | 20.00 |
| Geography | 0 | 3 | 0 | 0 | 30 | 55 | 70.67 | 2 | 2 | 32.70 | 55.00 |
| Social Science | 0 | 4 | 2 | 0 | 30 | 67 | 85.00 | 2 | 4 | 9.42 | 25.00 |
| Mythology | 0 | 3 | 0 | 1 | 30 | 69 | 93.67 | 2 | 2 | 7.16 | 18.33 |
| Literature - British | 0 | 2 | 0 | 0 | 20 | 62 | 87.50 | 1 | 1 | 5.98 | 11.67 |
| Current Events | 0 | 2 | 0 | 1 | 20 | 13 | 71.00 | 0 | 1 | 29.72 | 33.33 |
| Other Academic | 0 | 2 | 0 | 1 | 20 | 50 | 87.50 | 0 | 2 | 19.09 | 40.00 |
| Philosophy | 0 | 2 | 0 | 1 | 20 | 43 | 62.50 | 2 | 2 | 7.86 | 15.00 |
| Popular Culture | 0 | 1 | 0 | 0 | 10 | 48 | 48.00 | 0 | 1 | 33.22 | 40.00 |
| Literature - American | 0 | 1 | 0 | 0 | 10 | 108 | 108.00 | 0 | 1 | 1.57 | 5.00 |
| Science - Other | 0 | 0 | 1 | 0 | -5 | 0.00 | 0 | 0 | 0.00 | 0.00 |